[Event "24e tournoi 1hKO"]
[Site "Montigny le Bretonneux"]
[Date "2022.05.26"]
[Round "1.1"]
[White "Couradin, Jean-Marie"]
[Black "Fruchard, Cyrille"]
[Result "0-1"]
[WhiteElo "1508"]
[BlackElo "2302"]
[Annotator "Rivier,Sylvain"]
[PlyCount "66"]
[EventDate "2022.??.??"]

{Défense française, variante d'échange} 1. e4 e6 2. d4 d5 3. exd5 exd5 4. Bd3
Bd6 5. Ne2 Nf6 6. Bf4 O-O 7. O-O Bg4 8. Bxd6 Qxd6 9. Nd2 Nbd7 10. c3 Rfe8 11.
Re1 Re6 12. f3 Bh5 13. Ng3 Bg6 14. Qc2 Rae8 15. Rxe6 Qxe6 16. Bxg6 hxg6 17.
Ndf1 Nf8 18. Qd2 Qb6 19. Ne3 Ne6 20. Ne2 g5 21. g3 g6 22. Kg2 Kg7 23. Ng4 Nxg4
24. fxg4 f6 25. Rf1 Nd8 26. Ng1 Nf7 27. Nf3 Nd6 28. Qc2 Nc4 29. Qa4 Qxb2+ 30.
Kg1 c6 31. Qxa7 Ne3 32. Ne1 Nxf1 33. Kxf1 Qe2+ 0-1

[Event "24e tournoi 1hKO"]
[Site "Montigny le Bretonneux"]
[Date "2022.05.26"]
[Round "1.2"]
[White "Divies, Renaud"]
[Black "Belan, Valentin"]
[Result "1/2-1/2"]
[WhiteElo "1936"]
[BlackElo "1497"]
[Annotator "Rivier,Sylvain"]
[PlyCount "136"]
[EventDate "2022.??.??"]

{Ouverture anglaise} 1. c4 e6 2. g3 d5 3. Bg2 Nf6 4. Nf3 c5 5. O-O Bd6 6. b3
Nc6 7. Bb2 O-O 8. e3 b6 9. d3 Bb7 10. a3 dxc4 11. bxc4 Be7 12. Qc2 Qc7 13. Nc3
a6 14. Rac1 Rad8 15. Rfd1 h6 16. Nd2 Ne5 17. Nde4 Ng6 18. f4 Nxe4 19. dxe4
Rxd1+ 20. Rxd1 Rd8 21. h4 Bf8 22. Rd3 Bc6 23. Nd1 Rxd3 24. Qxd3 Qd6 25. Nf2
Qxd3 26. Nxd3 b5 27. cxb5 axb5 28. h5 Ne7 29. Nxc5 Nf5 30. exf5 Bxg2 31. Nxe6
Bh3 32. Nd4 Bc5 33. Nxb5 Bxe3+ 34. Kh2 Bxf5 35. Bd4 Bd7 36. Bxe3 Bxb5 37. g4 g6
38. hxg6 fxg6 39. Kg3 Kg7 40. Bd4+ Kf7 41. f5 h5 42. gxh5 gxh5 43. Kh4 Be8 44.
Kxh5 Ke7+ 45. Kg5 Kd6 46. f6 Kd5 47. Bf2 Ke5 48. Bc5 Bf7 49. Be7 Ke4 50. Kh6
Ke5 51. Kg7 Ke6 52. Kf8 Bg6 53. Kg7 Bf7 54. Kh6 Kf5 55. a4 Ke6 56. a5 Kd7 57.
a6 Kc6 58. Bc5 Kc7 59. Kg7 Bd5 60. Kf8 Kb8 61. Ke7 Kc7 62. Bd4 Bc4 63. a7 Kb7
64. Kd7 Ka8 65. Kc7 Bd5 66. Kd6 Ba2 67. Kc7 Bd5 68. Kd6 Ba2 1/2-1/2

[Event "24e tournoi 1hKO"]
[Site "Montigny le Bretonneux"]
[Date "2022.05.26"]
[Round "1.3"]
[White "Chennoufi, Amine"]
[Black "Forissier, Nicolas"]
[Result "0-1"]
[WhiteElo "1490"]
[BlackElo "1909"]
[Annotator "Rivier,Sylvain"]
[PlyCount "52"]
[EventDate "2022.??.??"]

{Partie espagnole, gambit JÃ¤nisch} 1. e4 e5 2. Nf3 Nc6 3. Bb5 f5 4. d3 Nf6 5.
O-O d6 6. c3 Be7 7. Qb3 fxe4 8. Ng5 d5 9. dxe4 Nxe4 10. Nxe4 dxe4 11. Bxc6+
bxc6 12. Rd1 Bd6 13. Nd2 Bf5 14. Qa4 e3 15. fxe3 O-O 16. Qxc6 e4 17. g3 Rb8 18.
Nc4 Bg4 19. Nxd6 Bxd1 20. Qd5+ Kh8 21. Nf7+ Rxf7 22. Qxf7 Bf3 23. Qc4 Qf6 24.
Qxc7 Rd8 25. Qf4 Qa6 26. g4 Qe2 0-1

[Event "24e tournoi 1hKO"]
[Site "Montigny le Bretonneux"]
[Date "2022.05.26"]
[Round "1.4"]
[White "Surugue, Philippe"]
[Black "Lebacq, Gaspar"]
[Result "1-0"]
[WhiteElo "1766"]
[BlackElo "1463"]
[Annotator "Rivier,Sylvain"]
[PlyCount "96"]
[EventDate "2022.??.??"]

{Défense française} 1. e4 e6 2. Nf3 d5 3. e5 c5 4. b4 a6 5. bxc5 Bxc5 6. d4
Bb4+ 7. c3 Ba5 8. Bd3 Ne7 9. h4 h6 10. h5 Nbc6 11. Kf1 Bd7 12. a4 Qc7 13. Ba3
O-O 14. Bc2 f6 15. Qd3 f5 16. Nh4 Rac8 17. Bd6 Qb6 18. Ba3 Kf7 19. f4 Ke8 20.
Rh3 Rf7 21. Ra2 Na7 22. Bc5 Rxc5 23. dxc5 Qxc5 24. Qd4 Qxd4 25. cxd4 Nac6 26.
Nf3 Kd8 27. Ke2 Kc7 28. Rb2 Rf8 29. Rh1 Rc8 30. Rc1 Kb8 31. Kd1 Nb4 32. Ne1
Nec6 33. Bd3 Bb6 34. Rxc6 Nxc6 35. Rxb6 Nxd4 36. Bxa6 Bxa4+ 37. Kd2 Rc7 38. Bd3
Be8 39. Ke3 Nc6 40. Be2 Ka7 41. Rb2 Ne7 42. Kf2 Nc6 43. Na3 Kb8 44. Nb5 Rd7 45.
Nd6 Bf7 46. Bb5 Kc7 47. Bxc6 bxc6 48. Rb7+ Kd8 1-0

[Event "24e tournoi 1hKO"]
[Site "Montigny le Bretonneux"]
[Date "2022.05.26"]
[Round "1.5"]
[White "Maurel, Thibaud"]
[Black "Belardello, Mario-Jovani"]
[Result "1-0"]
[WhiteElo "1457"]
[BlackElo "1738"]
[Annotator "Rivier,Sylvain"]
[PlyCount "79"]
[EventDate "2022.??.??"]

{Défense Caro-Kann, variante d'échange} 1. e4 c6 2. d4 d5 3. exd5 cxd5 4. c3
Nf6 5. Bf4 Nc6 6. Bd3 g6 7. Nd2 Bg7 8. Ngf3 O-O 9. h3 a6 10. O-O b5 11. a3 Nd7
12. Re1 Re8 13. Qb3 Nb6 14. Ne5 Nxe5 15. Bxe5 Nc4 16. Bxc4 bxc4 17. Qb4 Bf8 18.
Qa4 Bd7 19. Qd1 Bf5 20. b3 Bd3 21. bxc4 dxc4 22. Qa4 Qd5 23. Rab1 Bxb1 24. Rxb1
Rec8 25. Rb4 f6 26. Bg3 e5 27. Rb6 exd4 28. Rxf6 dxc3 29. Nf3 Bg7 30. Rd6 Qb5
31. Qd1 Re8 32. Nd4 Qb2 33. Qf3 c2 34. Rd7 c1=Q+ 35. Kh2 Qxd4 36. Rxd4 Rf8 37.
Qd5+ Kh8 38. Be5 Ra7 39. Rf4 Rxf4 40. Qd8+ 1-0

[Event "24e tournoi 1hKO"]
[Site "Montigny le Bretonneux"]
[Date "2022.05.26"]
[Round "1.6"]
[White "Faris, Marouane"]
[Black "Baltzer, Jean-Marc"]
[Result "1-0"]
[WhiteElo "1669"]
[BlackElo "1412"]
[Annotator "Rivier,Sylvain"]
[PlyCount "82"]
[EventDate "2022.??.??"]

{Défense Alekhine, variante des quatre pions} 1. e4 Nf6 2. e5 Nd5 3. d4 d6 4.
c4 Nb6 5. exd6 exd6 6. Nc3 Be7 7. Bd3 Nc6 8. Be3 Bf6 9. Be2 O-O 10. Nf3 Bg4 11.
b3 d5 12. c5 Nc8 13. O-O N8e7 14. h3 Bxf3 15. Bxf3 Nb8 16. Bf4 c6 17. Qd3 Na6
18. a3 Nc7 19. b4 Ne6 20. Be3 g6 21. Bg4 Qd7 22. Rfe1 Rfe8 23. Bh6 Kh8 24. Ne2
Ng8 25. Bd2 h5 26. Bf3 Ne7 27. g4 h4 28. Bg2 Ng8 29. a4 Ng5 30. b5 Ne4 31. Bf4
g5 32. Bh2 Bg7 33. f3 Nef6 34. f4 Nxg4 35. hxg4 Qxg4 36. Qf3 Qxf3 37. Bxf3 f6
38. bxc6 bxc6 39. Rab1 Ne7 40. Bh5 Red8 41. Kg2 Kh7 1-0

[Event "24e tournoi 1hKO"]
[Site "Montigny le Bretonneux"]
[Date "2022.05.26"]
[Round "1.7"]
[White "Couradin, Bruno"]
[Black "Gaudin, Vincent"]
[Result "0-1"]
[WhiteElo "1411"]
[BlackElo "1609"]
[Annotator "Rivier,Sylvain"]
[PlyCount "110"]
[EventDate "2022.??.??"]

{Défense sicilienne, attaque Sozin} 1. e4 c5 2. Nf3 d6 3. d4 cxd4 4. Nxd4 Nf6
5. Nc3 a6 6. Bc4 e6 7. O-O Be7 8. Re1 O-O 9. a4 Bd7 10. Bg5 Qb6 11. Bb3 Rd8 12.
Be3 Qc7 13. Nf3 Bc6 14. Bg5 Nbd7 15. Nd4 Nc5 16. f3 Nxb3 17. cxb3 h6 18. Bh4
Qa5 19. Rc1 Rac8 20. Bf2 Nd7 21. Nce2 Bf6 22. Rc2 Ne5 23. Qd2 Qxd2 24. Rxd2 d5
25. f4 Ng4 26. e5 Nxf2 27. Kxf2 Be7 28. Rc1 Bd7 29. Rdc2 f6 30. Rxc8 Rxc8 31.
Rxc8+ Bxc8 32. Ke3 Bd7 33. g3 b5 34. axb5 axb5 35. Kd3 Kf7 36. Nc3 b4 37. Na2
fxe5 38. fxe5 Bc5 39. Nc2 Bb5+ 40. Kd2 Bg1 41. h3 Bh2 42. Ncxb4 Bxg3 43. Nc3
Bf1 44. Nc6 Bf4+ 45. Kd1 Bxh3 46. b4 Ke8 47. b5 Kd7 48. Na4 Be3 49. Ke2 Bg1 50.
Kd2 Bf1 51. Nc3 Bxb5 52. Nxb5 Kxc6 53. Nc3 Bd4 54. Kd3 Bxc3 55. bxc3 Kc5 0-1

[Event "24e tournoi 1hKO"]
[Site "Montigny le Bretonneux"]
[Date "2022.05.26"]
[Round "1.8"]
[White "Nacer-Bey, Moussa"]
[Black "Koutchinsky, Gabriel"]
[Result "1-0"]
[WhiteElo "1571"]
[BlackElo "1290"]
[Annotator "Rivier,Sylvain"]
[PlyCount "87"]
[EventDate "2022.??.??"]

{Défense Alekhine, variante de chasse} 1. e4 Nf6 2. Nc3 d5 3. e5 Ne4 4. Bb5+ c6
5. Ba4 Bf5 6. f4 e6 7. d3 Nxc3 8. bxc3 Qa5 9. Bb3 Qxc3+ 10. Bd2 Qc5 11. Nf3 Na6
12. d4 Qb6 13. O-O Be4 14. c3 Be7 15. Bc2 Bxc2 16. Qxc2 c5 17. Rab1 Qc6 18. Qd3
Rc8 19. f5 Nc7 20. Bg5 Bxg5 21. Nxg5 h6 22. Nf3 exf5 23. Qxf5 O-O 24. Nh4 b6
25. Rf2 Qe6 26. Qd3 Qg4 27. Nf5 Rcd8 28. Rf3 Qe4 29. Qxe4 dxe4 30. Rg3 Kh8 31.
Rxg7 cxd4 32. cxd4 Rxd4 33. Rg4 Rd5 34. Rxe4 h5 35. Rh4 Re8 36. Rxh5+ Kg8 37.
Re1 f6 38. e6 Re5 39. Rxe5 fxe5 40. e7 Nb5 41. Rg5+ Kf7 42. Rg7+ Kf6 43. g4
Rxe7 44. Rxe7 1-0

[Event "24e tournoi 1hKO"]
[Site "Montigny le Bretonneux"]
[Date "2022.05.26"]
[Round "1.9"]
[White "Montay, Jean-Paul"]
[Black "Maurel, Christophe"]
[Result "0-1"]
[WhiteElo "1283"]
[BlackElo "1562"]
[Annotator "Rivier,Sylvain"]
[PlyCount "101"]
[EventDate "2022.??.??"]

{Ouverture anglaise, variante symétrique} 1. c4 Nf6 2. Nf3 e6 3. Nc3 b6 4. g3
Bb7 5. Bg2 c5 6. O-O Be7 7. d3 O-O 8. Qc2 Nc6 9. Qd2 d5 10. cxd5 exd5 11. d4 c4
12. a3 Na5 13. Qc2 Nb3 14. Rb1 a5 15. Bg5 Re8 16. Bxf6 Bxf6 17. e3 g6 18. Nd2
Nxd2 19. Qxd2 a4 20. Nb5 Bc6 21. Nc3 Rc8 22. Rfc1 Bg7 23. Qd1 Qd7 24. Qf3 Rcd8
25. h4 Re6 26. Kh2 Rf6 27. Qe2 Qf5 28. f4 Qe6 29. Bh3 Qe7 30. Re1 Rfd6 31. Qc2
b5 32. Qf2 f5 33. Bg2 h6 34. Bf3 Bf6 35. Kg2 Re8 36. Re2 Kh7 37. Kh3 Rdd8 38.
Qg2 Qf7 39. g4 fxg4+ 40. Bxg4 h5 41. Bf3 Qe7 42. Qf2 Bd7+ 43. Kh2 Bc6 44. Rg1
Bxh4 45. Qg2 Rg8 46. Kh1 Bf6 47. Qh2 Qf7 48. Reg2 Rd6 49. f5 Kg7 50. Qxd6 Bd7
51. fxg6 {suite non notée} 0-1

[Event "24e tournoi 1hKO"]
[Site "Montigny le Bretonneux"]
[Date "2022.05.26"]
[Round "1.10"]
[White "Branson, James"]
[Black "Baysse, Nathan"]
[Result "1-0"]
[WhiteElo "1553"]
[BlackElo "1199"]
[Annotator "Rivier,Sylvain"]
[PlyCount "57"]
[EventDate "2022.??.??"]

{Gambit du roi, gambit du cavalier} 1. e4 e5 2. f4 exf4 3. Nf3 Bc5 4. d4 Bb6 5.
Bxf4 d6 6. Bc4 Nf6 7. Nc3 Nc6 8. Qd3 Nb4 9. Bxf7+ Kxf7 10. Qc4+ Be6 11. Qxb4
Rf8 12. Ng5+ Ke7 13. Nxe6 Kxe6 14. Qc4+ d5 15. exd5+ Nxd5 16. Bg3 c6 17. O-O-O
Qg5+ 18. Kb1 Kd7 19. Ne4 Qg6 20. Nc5+ Bxc5 21. dxc5 Ke8 22. Rhe1+ Ne7 23. Re6
Qf5 24. Rde1 Rf7 25. Bd6 Kd7 26. Rxe7+ Rxe7 27. Rxe7+ Kd8 28. Qg8+ Qf8 29.
Qxf8# 1-0

[Event "24e tournoi 1hKO"]
[Site "Montigny le Bretonneux"]
[Date "2022.05.26"]
[Round "1.11"]
[White "Haquet Larrouy, Alban"]
[Black "Mongey, Alain"]
[Result "0-1"]
[WhiteElo "1099"]
[BlackElo "1548"]
[Annotator "Rivier,Sylvain"]
[PlyCount "84"]
[EventDate "2022.??.??"]

{Dé Défense sicilienne, variante Rossolimo} 1. e4 c5 2. Nf3 Nc6 3. Nc3 g6 4.
Bb5 Bg7 5. a3 a6 6. Bxc6 bxc6 7. O-O Nf6 8. e5 Nd5 9. Nxd5 cxd5 10. d4 cxd4 11.
Qxd4 Bb7 12. Re1 Qc7 13. Qf4 Qxc2 14. Nd4 Qc7 15. e6 Qxf4 16. exd7+ Kxd7 17.
Bxf4 Bxd4 18. Be5 Bxe5 19. Rxe5 Rac8 20. b4 Rc4 21. Rb1 Rhc8 22. Ree1 Rc2 23.
a4 Ra2 24. b5 Rxa4 25. bxa6 Bxa6 26. Red1 e6 27. Ra1 Rxa1 28. Rxa1 Bc4 29. Ra7+
Rc7 30. Ra8 Rb7 31. h3 h5 32. Rh8 Kd6 33. Rh7 d4 34. Rxf7 Rxf7 35. f3 d3 36.
Kf2 e5 37. Ke3 Kd5 38. g4 hxg4 39. hxg4 d2 40. Kxd2 Rxf3 41. Kc2 e4 42. g5 e3
0-1

[Event "24e tournoi 1hKO"]
[Site "Montigny le Bretonneux"]
[Date "2022.05.26"]
[Round "1.12"]
[White "Cogez, Celine"]
[Black "Lanfant, Kevin"]
[Result "1-0"]
[WhiteElo "1546"]
[BlackElo "1199"]
[Annotator "Rivier,Sylvain"]
[PlyCount "53"]
[EventDate "2022.??.??"]

{DÃ©fense Caro-Kann, variante d'Ã©change} 1. e4 c6 2. d4 d5 3. exd5 cxd5 4. Bf4
Nc6 5. c3 Nf6 6. Nd2 Bf5 7. Ngf3 a6 8. Be2 e6 9. Qb3 b5 10. O-O Be7 11. h3 O-O
12. Nh4 Bg6 13. Nxg6 hxg6 14. Nf3 Nh5 15. Bd2 Bd6 16. Qc2 Rc8 17. Rae1 Nf4 18.
Bxf4 Bxf4 19. g3 Bd6 20. Kg2 e5 21. dxe5 Nxe5 22. Nxe5 Bxe5 23. Bxb5 axb5 24.
Rxe5 Qd6 25. Rfe1 f6 26. Qxg6 Qd7 27. Re7 1-0

[Event "24e tournoi 1hKO"]
[Site "Montigny le Bretonneux"]
[Date "2022.05.26"]
[Round "1.13"]
[White "Ruiz, Alexandra"]
[Black "Privat, Jean-Claude"]
[Result "0-1"]
[WhiteElo "1199"]
[BlackElo "1527"]
[Annotator "Rivier,Sylvain"]
[PlyCount "64"]
[EventDate "2022.??.??"]

{Partie italienne, guiocco piano} 1. e4 e5 2. Nf3 Nc6 3. Bc4 Bc5 4. c3 Nf6 5.
d4 exd4 6. cxd4 Bb4+ 7. Nc3 d5 8. exd5 Nxd5 9. O-O Be6 10. a3 Be7 11. Re1 Nxc3
12. Qd3 Bxc4 13. Qxc4 Nd5 14. b4 O-O 15. Bb2 Bf6 16. Rad1 Nb6 17. Qb3 Qd5 18.
Qc2 Rac8 19. Ne5 Rfe8 20. Nxc6 Rxe1+ 21. Rxe1 bxc6 22. Qe2 h6 23. Rc1 Qd7 24.
d5 Bxb2 25. dxc6 Qd4 26. Rd1 Qf6 27. Rd2 Be5 28. Qd1 Bd6 29. h3 Re8 30. Qf1 Qe5
31. g3 Qe1 32. Kg2 Qxd2 0-1

[Event "24e tournoi 1hKO"]
[Site "Montigny le Bretonneux"]
[Date "2022.05.26"]
[Round "2.1"]
[White "Fruchard, Cyrille"]
[Black "Branson, James"]
[Result "1-0"]
[WhiteElo "2302"]
[BlackElo "1553"]
[Annotator "Rivier,Sylvain"]
[PlyCount "79"]
[EventDate "2022.??.??"]

{Gambit de Budapest, variante principale} 1. d4 Nf6 2. c4 e5 3. dxe5 Ng4 4. Nf3
Nc6 5. Bf4 Bb4+ 6. Nbd2 Qe7 7. a3 Bxd2+ 8. Qxd2 Ngxe5 9. Nxe5 Nxe5 10. e3 O-O
11. Bxe5 Qxe5 12. Qd4 Qxd4 13. exd4 d6 14. Bd3 a5 15. Kd2 b6 16. Rhe1 Ba6 17.
Re7 Rac8 18. Bf5 Bxc4 19. Bxc8 Rxc8 20. Rc1 Kf8 21. Ree1 Bd5 22. f3 c5 23. dxc5
dxc5 24. h4 h5 25. Ke3 Re8+ 26. Kf4 g6 27. Rxe8+ Kxe8 28. Ke5 Bb3 29. Kd6 a4
30. Re1+ Kf8 31. Kc6 f6 32. Kxb6 c4 33. f4 Kf7 34. g3 Kg7 35. Re7+ Kh6 36. Rc7
g5 37. fxg5+ fxg5 38. Rc6+ Kg7 39. hxg5 Kf7 40. Rh6 1-0

[Event "24e tournoi 1hKO"]
[Site "Montigny le Bretonneux"]
[Date "2022.05.26"]
[Round "2.2"]
[White "Forissier, Nicolas"]
[Black "Cogez, Celine"]
[Result "1-0"]
[WhiteElo "1909"]
[BlackElo "1546"]
[Annotator "Rivier,Sylvain"]
[PlyCount "45"]
[EventDate "2022.??.??"]

{Gambit dame, dÃ©fense slave} 1. d4 d5 2. c4 c6 3. Nc3 Nf6 4. Nf3 dxc4 5. e4
Bg4 6. Bxc4 e6 7. Bg5 Be7 8. O-O Bxf3 9. gxf3 Nxe4 10. fxe4 Bxg5 11. Qg4 h5 12.
Qg3 Rh6 13. Rad1 Rg6 14. Kh1 Nd7 15. f4 h4 16. Qh3 Be7 17. f5 exf5 18. Qxf5 Rf6
19. Qh5 g6 20. Qh7 Ne5 21. Qg8+ Bf8 22. dxe5 Rxf1+ 23. Rxf1 1-0

[Event "24e tournoi 1hKO"]
[Site "Montigny le Bretonneux"]
[Date "2022.05.26"]
[Round "2.3"]
[White "Mongey, Alain"]
[Black "Surugue, Philippe"]
[Result "0-1"]
[WhiteElo "1548"]
[BlackElo "1766"]
[Annotator "Rivier,Sylvain"]
[PlyCount "64"]
[EventDate "2022.??.??"]

{Ouverture du pion dame} 1. d4 g6 2. Nf3 Bg7 3. Bg5 d6 4. e3 Bg4 5. Be2 h6 6.
Bh4 g5 7. Bg3 Nf6 8. h3 Bf5 9. c4 c6 10. Nc3 O-O 11. O-O Nbd7 12. Rc1 Rc8 13.
a3 Ne4 14. Nxe4 Bxe4 15. Bd3 f5 16. Bxe4 fxe4 17. Nd2 d5 18. b4 e5 19. Nb3 Qe7
20. dxe5 Bxe5 21. Bxe5 Nxe5 22. cxd5 Nd3 23. Rc2 cxd5 24. Nc1 Rxc2 25. Qxc2 Ne5
26. Qe2 a6 27. Rd1 Rf5 28. Qd2 Qf7 29. Qe2 h5 30. Rf1 g4 31. hxg4 hxg4 32. Qd1
Nf3+ 0-1

[Event "24e tournoi 1hKO"]
[Site "Montigny le Bretonneux"]
[Date "2022.05.26"]
[Round "2.4"]
[White "Privat, Jean-Claude"]
[Black "Faris, Marouane"]
[Result "0-1"]
[WhiteElo "1527"]
[BlackElo "1669"]
[Annotator "Rivier,Sylvain"]
[PlyCount "38"]
[EventDate "2022.??.??"]

{DÃ©fense GrÃ¼nfeld, variante d'Ã©change} 1. d4 Nf6 2. c4 g6 3. Nc3 d5 4. cxd5
Nxd5 5. e4 Nxc3 6. bxc3 Bg7 7. Nf3 c5 8. Be3 O-O 9. Rc1 Nc6 10. Qd2 Qa5 11. h3
Rd8 12. d5 e6 13. Bc4 Qa4 14. Qd3 exd5 15. Bxd5 b6 16. Bxc6 Rxd3 17. Bxa4 Bxc3+
18. Ke2 Ba6 19. Rhd1 Rd4+ 0-1

[Event "24e tournoi 1hKO"]
[Site "Montigny le Bretonneux"]
[Date "2022.05.26"]
[Round "2.5"]
[White "Gaudin, Vincent"]
[Black "Kunne, Ronald"]
[Result "1-0"]
[WhiteElo "1609"]
[BlackElo "1511"]
[Annotator "Rivier,Sylvain"]
[PlyCount "59"]
[EventDate "2022.??.??"]

{DÃ©fense franÃ§aise, variante d'Ã©change} 1. e4 e6 2. d4 d5 3. exd5 exd5 4.
Nf3 Bd6 5. Bd3 Nc6 6. O-O Bg4 7. Re1+ Nge7 8. h3 Bh5 9. c3 Qd7 10. a4 O-O-O 11.
Be3 Bg6 12. Na3 Bxd3 13. Qxd3 f6 14. Nb5 g5 15. Nxd6+ Qxd6 16. b4 h5 17. g3 Qd7
18. Kg2 g4 19. hxg4 Qxg4 20. Nh4 Rdg8 21. Rh1 Nd8 22. Rae1 Rg7 23. Qe2 Qd7 24.
Qf3 Ne6 25. Nf5 Ng5 26. Bxg5 Nxf5 27. Bxf6 Rf7 28. Bxh8 Nh4+ 29. Rxh4 Rxf3 30.
Kxf3 1-0

[Event "24e tournoi 1hKO"]
[Site "Montigny le Bretonneux"]
[Date "2022.05.26"]
[Round "2.6"]
[White "Touahir, Ismael"]
[Black "Nacer-Bey, Moussa"]
[Result "0-1"]
[WhiteElo "1009"]
[BlackElo "1571"]
[Annotator "Rivier,Sylvain"]
[PlyCount "66"]
[EventDate "2022.??.??"]

{Défense Petroff} 1. e4 e5 2. Nf3 d6 3. Bc4 h6 4. O-O Nf6 5. Nc3 Be7 6. d3 Bg4
7. h3 Bh5 8. Nd5 Nxd5 9. Bxd5 Nc6 10. Qd2 Bxf3 11. gxf3 Qd7 12. Bxc6 bxc6 13.
Kh2 f5 14. Qb4 d5 15. Qb7 O-O 16. exd5 Qxd5 17. Qxc7 Bd6 18. c4 Qxd3 19. Qxc6
Qxf1 20. Qxd6 Qxf2+ 21. Kh1 Qxf3+ 22. Kh2 Qf2+ 23. Kh1 Rad8 24. Qe6+ Kh8 25.
Bxh6 Rf6 26. Bxg7+ Kxg7 27. Rg1+ Qxg1+ 28. Kxg1 Rxe6 29. Kf1 Rd2 30. Ke1 Rxb2
31. Kd1 Ra6 32. Kc1 Raxa2 33. Kd1 Ra1# 0-1

[Event "24e tournoi 1hKO"]
[Site "Montigny le Bretonneux"]
[Date "2022.05.26"]
[Round "2.8"]
[White "Belardello, Mario-Jovani"]
[Black "Divies, Renaud"]
[Result "1-0"]
[WhiteElo "1738"]
[BlackElo "1936"]
[Annotator "Rivier,Sylvain"]
[PlyCount "33"]
[EventDate "2022.??.??"]

{Ouverture anglaise} 1. c4 e5 2. g3 f5 3. Bg2 Nf6 4. d4 e4 5. Nc3 c6 6. Nh3 Bb4
7. O-O O-O 8. Qb3 a5 9. c5+ Kh8 10. Na4 Nd5 11. a3 b5 12. cxb6 Nxb6 13. axb4
axb4 14. Bg5 Qc7 15. Nxb6 Rxa1 16. Rxa1 Qxb6 17. Be7 1-0

[Event "24e tournoi 1hKO"]
[Site "Montigny le Bretonneux"]
[Date "2022.05.26"]
[Round "2.9"]
[White "Belan, Valentin"]
[Black "Couradin, Jean-Marie"]
[Result "1-0"]
[WhiteElo "1497"]
[BlackElo "1508"]
[Annotator "Rivier,Sylvain"]
[PlyCount "71"]
[EventDate "2022.??.??"]

{Défense Philidor} 1. e4 d6 2. d4 Nd7 3. Nf3 e5 4. dxe5 dxe5 5. Bc4 h6 6. O-O
Be7 7. Be3 Ngf6 8. Nc3 O-O 9. h3 c6 10. a4 Qc7 11. a5 Nc5 12. Nd2 Rd8 13. Qe2
Ne6 14. Nf3 Bb4 15. Bxe6 Bxe6 16. a6 b5 17. Nd2 Bxc3 18. bxc3 Rd7 19. Qf3 Nh7
20. Qg3 g5 21. Nb3 Bxb3 22. cxb3 Rd3 23. Qg4 Rxc3 24. Rfd1 Rd8 25. Rxd8+ Qxd8
26. Rd1 Qa5 27. Qc8+ Kg7 28. Bxa7 Qa2 29. Rd8 Qb1+ 30. Kh2 Qxe4 31. Rg8+ Kf6
32. Qd8+ Kf5 33. g4+ Kf4 34. Qd2+ Kf3 35. Qxc3+ Ke2 36. Qe3+ 1-0

[Event "24e tournoi 1hKO"]
[Site "Montigny le Bretonneux"]
[Date "2022.05.26"]
[Round "2.10"]
[White "Baysse, Nathan"]
[Black "Chennoufi, Amine"]
[Result "0-1"]
[WhiteElo "1199"]
[BlackElo "1490"]
[Annotator "Rivier,Sylvain"]
[PlyCount "134"]
[EventDate "2022.??.??"]

{Partie italienne} 1. e4 e5 2. Nf3 Nc6 3. Bc4 Bc5 4. Nc3 a6 5. d3 h6 6. Bd2 Nf6
7. Nd5 d6 8. a3 O-O 9. Qc1 Kh7 10. O-O Be6 11. a4 Bxd5 12. exd5 Ne7 13. c3 Ba7
14. d4 e4 15. Ne1 Nfxd5 16. f3 Nb6 17. Bb3 d5 18. a5 Nec8 19. Kh1 Nd6 20. Bf4
Qd7 21. Be5 Qb5 22. Nc2 Qxb3 23. Nb4 Nd7 24. Bf4 Rae8 25. Be3 Nb5 26. f4 f5 27.
Qd2 Nf6 28. h3 Nd6 29. Rfe1 Nc4 30. Qc1 Qxb2 31. Qxb2 Nxb2 32. Re2 Nc4 33. Bf2
Nxa5 34. Bh4 Nc4 35. Bxf6 Rxf6 36. Nxd5 Rd6 37. Nb4 c5 38. Nc2 cxd4 39. Nxd4
Bxd4 40. cxd4 Rxd4 41. Rc1 a5 42. Rb1 e3 43. Rxb7 Rd2 44. Rxd2 exd2 45. Rd7
Re1+ 46. Kh2 Ne3 47. Rxd2 Nf1+ 48. Kg1 Nxd2+ 49. Kf2 a4 50. Kxe1 a3 51. Kxd2 a2
52. g3 g6 53. h4 h5 54. Kd3 a1=Q 55. Kc4 Qf1+ 56. Kd5 Qg2+ 57. Kc4 Qxg3 58. Kc5
Kg7 59. Kd5 Kf6 60. Kc5 Ke6 61. Kc6 Qd3 62. Kc5 Qe4 63. Kb6 Kd6 64. Kb5 Qc2 65.
Kb4 Kc6 66. Ka5 Qb3 67. Ka6 Qa4# 0-1

[Event "24e tournoi 1hKO"]
[Site "Montigny le Bretonneux"]
[Date "2022.05.26"]
[Round "2.11"]
[White "Lebacq, Gaspar"]
[Black "Goron, Adrien"]
[Result "1-0"]
[WhiteElo "1463"]
[BlackElo "1199"]
[Annotator "Rivier,Sylvain"]
[PlyCount "49"]
[EventDate "2022.??.??"]

{Ouverture anglaise, variante des quatre cavaliers} 1. c4 e5 2. Nc3 d6 3. e4
Nc6 4. d3 Nf6 5. Nf3 Bg4 6. Be2 g6 7. O-O Nd4 8. Bg5 Qd7 9. Bxf6 Rg8 10. Nxd4
exd4 11. Bxg4 Qc6 12. Bxd4 Bh6 13. Re1 Bg5 14. e5 dxe5 15. Rxe5+ Kf8 16. Rxg5
Re8 17. Nd5 f6 18. Nxf6 Re4 19. Nxh7+ Ke8 20. dxe4 Qxe4 21. Nf6+ Kf8 22. Nxe4
b6 23. Bf6 c5 24. Qd8+ Kf7 25. Qe7# 1-0

[Event "24e tournoi 1hKO"]
[Site "Montigny le Bretonneux"]
[Date "2022.05.26"]
[Round "2.12"]
[White "Baltzer, Jean-Marc"]
[Black "Ruiz, Alexandra"]
[Result "1-0"]
[WhiteElo "1412"]
[BlackElo "1199"]
[Annotator "Rivier,Sylvain"]
[PlyCount "63"]
[EventDate "2022.??.??"]

{Ouverture anglaise, variante symÃ©trique, systÃ¨me Rubinstein} 1. c4 g6 2. Nc3
Bg7 3. g3 c5 4. Bg2 e6 5. e4 Ne7 6. Nge2 O-O 7. d4 cxd4 8. Nxd4 Nbc6 9. Be3 b6
10. O-O Bb7 11. Qd2 Re8 12. Rad1 Ne5 13. b3 a6 14. h3 Rc8 15. f4 N5c6 16. Nde2
Rc7 17. Bxb6 Bc8 18. Qd6 Rf8 19. Bxc7 Qe8 20. Na4 f5 21. e5 Nd8 22. Bxd8 Qxd8
23. Nc5 Nc6 24. Bxc6 Rf7 25. Kh2 Bf8 26. Qd4 Qc7 27. Nxe6 Qxc6 28. Ng5 Re7 29.
Qd5+ Qxd5 30. Rxd5 Bb7 31. Rd2 h6 32. Nf3 1-0

[Event "24e tournoi 1hKO"]
[Site "Montigny le Bretonneux"]
[Date "2022.05.26"]
[Round "2.13"]
[White "Lanfant, Kevin"]
[Black "Couradin, Bruno"]
[Result "0-1"]
[WhiteElo "1199"]
[BlackElo "1411"]
[Annotator "Rivier,Sylvain"]
[PlyCount "100"]
[EventDate "2022.??.??"]

{Gambit dame} 1. d4 d5 2. c4 e6 3. Nc3 Nf6 4. cxd5 exd5 5. Bg5 Be7 6. Qc2 Nc6
7. e3 O-O 8. Bd3 h6 9. Bxf6 Bxf6 10. Nge2 Nb4 11. Qd2 Nxd3+ 12. Qxd3 Be6 13.
O-O Qd7 14. Nf4 Bf5 15. Qb5 c6 16. Qe2 Rfe8 17. Qf3 Bg4 18. Qg3 Bg5 19. Nce2 h5
20. h3 h4 21. Qxg4 Qxg4 22. hxg4 Rad8 23. Nd3 Re4 24. Ne5 f6 25. Nc3 fxe5 26.
Nxe4 dxe4 27. dxe5 Re8 28. Rad1 Rxe5 29. Rd7 Rb5 30. b3 a6 31. Rb1 Bf6 32. f4
exf3 33. gxf3 c5 34. Rc1 b6 35. Rc4 a5 36. Rd5 Kf7 37. e4 Ke6 38. f4 Kf7 39. e5
Be7 40. f5 Ke8 41. e6 Bf6 42. Rc3 Bxc3 43. Rd7 Bf6 44. Rb7 Rb4 45. Rb8+ Bd8 46.
Kg2 Rxg4+ 47. Kh3 Rf4 48. Rb7 Rxf5 49. Rxg7 Re5 50. Rg8+ Ke7 0-1